| 000 | 00784nam a22001577a 4500 | ||
|---|---|---|---|
| 003 | OSt | ||
| 005 | 20160210155435.0 | ||
| 008 | 160210b xxu||||| |||| 00| 0 eng d | ||
| 040 | _cRUA | ||
| 082 | _aMGR DEP 2004 B379 Or.1 | ||
| 100 |
_97034 _aDEP SINATH, ដិប ស៊ីណាត |
||
| 245 | _aGeno type-by-environment interaction rain fed lowland rice (Oryza sativa L.) in Cambodia, អន្តរអំពើរវាងពូជស្រូវ(Oryza sativa) និងលក្ខខណ្ឌដាំដុះ ក្នុងតំបន់ទំនាបអាស្រ័យដោយទឹកភ្លៀងក្នុងព្រះរាជណាចក្រកម្ពុជា | ||
| 260 |
_aPhnom Penh _bRUA _c2005 |
||
| 300 |
_ax; 60p. _bill. _c29cm. |
||
| 942 |
_2ddc _cNRM |
||
| 999 |
_c6621 _d6621 |
||